000 00589nam a2200193 a 4500
001 000011093
005 20240412074223.0
008 091014s1986 dr a 000 p spa d
040 _aDO-SdBNP
_bspa
_cBNPHU
082 _aRD861.44
_bS232p
100 1 _aSantana, Alejandro
_926590
245 1 3 _aLa piedra del muro /
_cAlejandro Santana.
260 _aSanto Domingo :
_bTaller,
_c1986.
300 _a61 p. :
_bil. : ;
_c20 cm.
590 _aInventariado, 2019 / DG
650 0 _aPoesía dominicana
_966
650 0 _aLiteratura dominicana.
_967
910 _aValidado. Control de calidad BNPHU
999 _c10818
_d10818